[Event "Asia Clubs 1st"]
[Site "Al Ain"]
[Date "2008.12.27"]
[Round "3"]
[White "Al Housa, Khalil"]
[Black "Abdus, Sidique"]
[Result "0-1"]
[WhiteElo "2027"]
[BlackElo "1845"]
[PlyCount "98"]
[EventDate "2008.12.25"]
[EventType "team"]
[EventRounds "7"]
[EventCountry "UAE"]
[SourceTitle "CBM 127 Extra"]
[Source "ChessBase"]
[SourceDate "2009.01.08"]
[SourceVersion "2"]
[SourceVersionDate "2009.01.28"]
[SourceQuality "1"]

1. e4 g6 2. d4 e6 3. Nf3 Bg7 4. Be2 d6 5. 0-0 Ne7 6. c4 c6 7. Nc3 0-0 8. Be3 Nd7 9. Qd2 Re8 10. Rad1 a6 11. Bh6 Bh8 12. Qf4 e5 13. dxe5 dxe5 14. Qd2 Qc7 15. b4 Nf8 16. c5 Be6 17. Ng5 Rad8 18. Qe3 Nc8 19. Bxf8 Rxf8 20. Nxe6 fxe6 21. Bc4 Qe7 22. Qh3 Rde8 23. Rd2 Kg7 24. Bxe6 Qxe6 25. Rd7+ Rf7 26. Rxf7+ Qxf7 27. Rd1 Rf8 28. Rd7 Ne7 29. Qh4 Re8 30. Rxb7 Kg8 31. h3 Bf6 32. Qg4 h5 33. Qd7 Rf8 34. Qd2 Bh4 35. Nd1 Bf6 36. a4 Qc4 37. Qe3 Qc2 38. Rd7 Qxa4 39. Qc3 Qa2 40. Rd2 Qf7 41. g3 h4 42. g4 Bg5 43. Rd6 Bf6 44. Qd3 Qa2 45. Nc3 Qa3 46. Rd7 Qxb4 47. Qd6 Qxc3 48. Rxe7 Qe1+ 49. Kg2 Qxe4+ 0-1